[Event "Kalamazoo (MI Am/1/38)"]
[Site "?"]
[Date "1997.??.??"]
[Round "?"]
[White "Strodtbeck, J."]
[Black "Biondo, Albert"]
[Result "0-1"]
[WhiteElo "1605"]
[BlackElo "1605"]
[PlyCount "118"]
[EventDate "1997.??.??"]

{1/(38)} 1. e4 c5 2. d3 Nc6 3. Nc3 g6 4. Be3 b6 5. Nge2 Bg7 6. Nb5 Nf6 7. d4
Nxe4 8. dxc5 Nxc5 9. Nec3 a6 10. Nd4 Bb7 11. f3 O-O 12. Qd2 d5 13. O-O-O e5 14.
Nxc6 Bxc6 15. Nxd5 e4 16. Bc4 Na4 17. c3 b5 18. Bb3 Qa5 19. Ne7+ Kh8 20. Bxa4
Qxa4 21. Nxc6 Qxa2 22. Bd4 Rac8 23. Bxg7+ Kxg7 24. Qd4+ Kh6 25. Qxe4 a5 26. Kc2
a4 27. Ra1 Qb3+ 28. Kb1 Rfe8 29. Qh4+ Kg7 30. Nd4 Qc4 31. Kc2 Re2+ 32. Nxe2
Qxh4 33. Rad1 Qf2 34. Rd2 Qxg2 35. Rhd1 Qxf3 36. Nd4 Qe4+ 37. Rd3 b4 38. Nb5
Qe2+ 39. R1d2 Qe5 40. Nd6 Rc7 41. c4 a3 42. bxa3 bxa3 43. Rxa3 Rd7 44. Rad3 Ra7
45. Rd5 Ra2+ 46. Kb3 Rxd2 47. Rxd2 Qe3+ 48. Kc2 f5 49. Rd3 Qf2+ 50. Rd2 Qf4 51.
c5 Qe5 52. Nb7 Qc7 53. Kc3 Qxb7 54. Kc4 Qa6+ 55. Kd5 Qa5 56. Rd4 Kf7 57. Kd6
Qd8+ 58. Ke5 Qf6+ 59. Kd5 Qe6# 0-1

[Event "Kalamazoo (MI Am/3/13)"]
[Site "?"]
[Date "1997.??.??"]
[Round "?"]
[White "Strodtbeck, J."]
[Black "Berndt, Harry"]
[Result "0-1"]
[WhiteElo "1605"]
[BlackElo "1605"]
[PlyCount "94"]
[EventDate "1997.??.??"]

{3/(13)} 1. e4 c5 2. f3 Nc6 3. c3 e6 4. Ne2 Nf6 5. d3 Be7 6. Be3 O-O 7. d4 Qb6
8. Qb3 Qxb3 9. axb3 cxd4 10. cxd4 d5 11. e5 Nd7 12. Nf4 Nb4 13. Kd2 Nb6 14. Nc3
a6 15. g4 f6 16. h4 fxe5 17. Nh5 g6 18. dxe5 Nd7 19. Nf4 Nxe5 20. Be2 Nbc6 21.
h5 d4 22. hxg6 dxe3+ 23. Kxe3 Bg5 24. Rxh7 Rxf4 25. Kf2 Nxg6 26. Rah1 Rf7 27.
R7h5 Be7 28. Bd3 Nce5 29. Bxg6 Nxg6 30. Ne4 Bd7 31. Kg3 Raf8 32. Ng5 Bxg5 33.
Rxg5 Rxf3+ 34. Kg2 Kg7 35. Rg1 Rxb3 36. Kh2 Rf2+ 37. Rg2 Rfxb2 38. Rc5 Bc6 39.
Rxb2 Rxb2+ 40. Kg3 Rg2+ 41. Kh3 Rd2 42. Rc3 Rd3+ 43. Rxd3 Nf4+ 44. Kh4 Nxd3 45.
Kg5 a5 46. Kh5 a4 47. g5 a3 0-1

[Event "Lansing (MI Op/3/26)"]
[Site "?"]
[Date "1997.??.??"]
[Round "?"]
[White "Steen, Harold"]
[Black "Zubatch, Steve"]
[Result "0-1"]
[WhiteElo "1775"]
[BlackElo "1865"]
[PlyCount "44"]
[EventDate "1997.??.??"]

{3/(26)} 1. c4 Nf6 2. Nc3 g6 3. d4 Bg7 4. e4 d6 5. f4 O-O 6. Nf3 c5 7. d5 e6 8.
Be2 exd5 9. cxd5 Re8 10. Qc2 Qe7 11. e5 Nfd7 12. O-O dxe5 13. fxe5 Nxe5 14.
Nxe5 Bxe5 15. Bf3 Bf5 16. Qd2 Bd4+ 17. Kh1 Nd7 18. Qd1 Be5 19. Nb5 Qh4 20. h3
Qg3 21. Kg1 Qh2+ 22. Kf2 Bg3# 0-1

[Event "Michigan Senior"]
[Site "Ann Arbor, MI"]
[Date "1997.??.??"]
[Round "1.8"]
[White "Steen, Harold"]
[Black "Serwatowski, Felix"]
[Result "1-0"]
[WhiteElo "1780"]
[BlackElo "1605"]
[PlyCount "83"]
[EventDate "1997.??.??"]

{1/(8)} 1. c4 c5 2. g3 g6 3. Bg2 Bg7 4. d3 Nf6 5. e4 d6 6. Nc3 Nc6 7. Nge2 Bg4
8. O-O Qd7 9. a3 O-O 10. Qc2 Bxe2 11. Nxe2 Ng4 12. Rb1 Nd4 13. Nxd4 Bxd4 14. b4
a6 15. bxc5 dxc5 16. h3 Ne5 17. Kh2 Nc6 18. Bh6 Rfe8 19. f4 f5 20. e5 e6 21.
Rfd1 Rab8 22. h4 Nd8 23. Rb6 Nf7 24. Bg5 Nxg5 25. hxg5 Qe7 26. Rdb1 h6 27. Rxb7
Rxb7 28. Rxb7 Qf8 29. Qa4 hxg5 30. fxg5 Bxe5 31. Qd7 Bg7 32. Bc6 Rd8 33. Qxe6+
Kh7 34. Bd5 Re8 35. Qxa6 f4 36. Rf7 fxg3+ 37. Kxg3 Qh8 38. Be4 Kg8 39. Qxg6 Rf8
40. Rc7 Rf1 41. Rc8+ Rf8 42. Bd5# 1-0

[Event "Michigan Senior"]
[Site "Ann Arbor, MI"]
[Date "1997.??.??"]
[Round "3.4"]
[White "Steen, Harold"]
[Black "Schell, Ken"]
[Result "1-0"]
[WhiteElo "1780"]
[BlackElo "1705"]
[PlyCount "71"]
[EventDate "1997.??.??"]

{3/(4)} 1. c4 Nf6 2. g3 c6 3. Bg2 d5 4. cxd5 cxd5 5. d4 Bf5 6. Nc3 e6 7. a3 a6
8. Nf3 Nc6 9. O-O Bd6 10. Nh4 Bg6 11. Bg5 Qb6 12. Bxf6 gxf6 13. e4 dxe4 14.
Nxe4 Bxe4 15. Bxe4 Nxd4 16. Bxb7 Qxb7 17. Qxd4 Be5 18. Qa4+ Ke7 19. Rab1 Rhd8
20. b4 Rd2 21. Rbd1 Rad8 22. Qb3 Rb2 23. Qe3 Rg8 24. Nf3 Bb8 25. Qc5+ Ke8 26.
Qd4 Ke7 27. Qxb2 Qxf3 28. Qd4 Qb7 29. Qd3 Qb6 30. Qd7+ Kf8 31. Qd8+ Qxd8 32.
Rxd8+ Kg7 33. Rfd1 Bc7 34. Rxg8+ Kxg8 35. Rd7 Bb6 36. Rd6 1-0

[Event "Kalamazoo (MI Am/3/15)"]
[Site "?"]
[Date "1997.??.??"]
[Round "?"]
[White "Steen, Harold"]
[Black "Ryskamp, John"]
[Result "1-0"]
[WhiteElo "1780"]
[BlackElo "1605"]
[PlyCount "67"]
[EventDate "1997.??.??"]

{3/(15)} 1. c4 e6 2. g3 d5 3. cxd5 exd5 4. d4 Nf6 5. Bg2 c6 6. Nc3 Be7 7. Nf3
O-O 8. O-O h6 9. Re1 Bf5 10. Nd2 Bg4 11. h3 Bh5 12. g4 Bg6 13. e4 dxe4 14.
Ndxe4 Nxe4 15. Nxe4 f5 16. gxf5 Bxf5 17. Ng3 Qd7 18. Qh5 Bd6 19. Nxf5 Qxf5 20.
Qxf5 Rxf5 21. Re8+ Rf8 22. Rxf8+ Kxf8 23. d5 Be5 24. dxc6 Nxc6 25. Bxc6 bxc6
26. Rb1 Rd8 27. Be3 a6 28. b3 Ke8 29. Rc1 Rd6 30. Rc5 Rd1+ 31. Kg2 Rd5 32. Rxc6
Ra5 33. Bb6 Kd7 34. Rc2 $138 1-0

[Event "Tecumseh (RVO/5/12)"]
[Site "?"]
[Date "1997.??.??"]
[Round "?"]
[White "Steen, Harold"]
[Black "Ryan, Mark"]
[Result "1-0"]
[WhiteElo "1755"]
[BlackElo "1605"]
[PlyCount "91"]
[EventDate "1997.??.??"]

{5/(12)} 1. e4 c5 2. Nf3 d6 3. g3 Nc6 4. Bg2 Nf6 5. d3 g6 6. O-O Bg7 7. Nbd2
O-O 8. c3 e5 9. h3 Be6 10. Kh2 Qc7 11. Qc2 d5 12. Ng5 Rad8 13. Nxe6 fxe6 14. f4
exf4 15. Rxf4 Nh5 16. Rg4 Ne5 17. Rg5 h6 18. Rxh5 gxh5 19. Nf1 h4 20. Bf4 hxg3+
21. Bxg3 Qf7 22. Ne3 Nf3+ 23. Kh1 Qg6 24. Nf1 Qg5 25. Qe2 Nh4 26. exd5 Rxf1+
27. Rxf1 Qxg3 28. dxe6 Nxg2 29. Qxg2 Qe5 30. Qxb7 Qxe6 31. Qf3 Rf8 32. Qg2 Re8
33. Rg1 Qe5 34. Qb7 Re7 35. Qa8+ Re8 36. Qg2 Re7 37. Qa8+ Kh7 38. Qg2 Qe1 39.
Qg6+ Kh8 40. Rxe1 Rxe1+ 41. Kg2 Re2+ 42. Kf3 Rxb2 43. Qe8+ Kh7 44. Qe4+ Kg8 45.
Qc4+ Kh7 46. Qxc5 1-0

[Event "Tecumseh (RVO/2/16)"]
[Site "?"]
[Date "1997.??.??"]
[Round "?"]
[White "Steen, Harold"]
[Black "Prezkop, M."]
[Result "1-0"]
[WhiteElo "1755"]
[BlackElo "1605"]
[PlyCount "105"]
[EventDate "1997.??.??"]

{2/(16)} 1. e4 c6 2. Nf3 d5 3. e5 Bf5 4. g3 e6 5. Bg2 Bc5 6. d4 Bb6 7. O-O h6
8. Nbd2 Ne7 9. c4 Bd3 10. c5 Bxf1 11. Nxf1 Bc7 12. b4 a6 13. a4 O-O 14. a5 Ng6
15. h4 f6 16. h5 Nxe5 17. dxe5 fxe5 18. Nh4 Qf6 19. Qe2 e4 20. Bb2 Be5 21. Bxe5
Qxe5 22. Rb1 Nd7 23. Ng6 Qd4 24. Nxf8 Rxf8 25. Ne3 Ne5 26. Nc2 Qc4 27. Qxc4
Nxc4 28. Bh3 e5 29. Be6+ Kh7 30. g4 Nd2 31. Rd1 Nf3+ 32. Kg2 Nh4+ 33. Kg3 Re8
34. Bxd5 cxd5 35. Kxh4 d4 36. Ne1 Rf8 37. Kg3 Rf4 38. Rd2 e3 39. fxe3 dxe3 40.
Rb2 Rf1 41. Re2 Rf4 42. Nd3 Re4 43. Kf3 Rd4 44. Kxe3 Rxg4 45. Rb2 Rg5 46. Ke4
Rxh5 47. Nxe5 g5 48. Ng4 Kg6 49. Rd2 Rh4 50. Rd6+ Kf7 51. Kf5 h5 52. Ne5+ Ke7
53. Ng6+ 1-0

[Event "Lansing (MI Op/4/26)"]
[Site "?"]
[Date "1997.??.??"]
[Round "?"]
[White "Steen, Harold"]
[Black "Laumer, H."]
[Result "1/2-1/2"]
[WhiteElo "1775"]
[BlackElo "1785"]
[PlyCount "78"]
[EventDate "1997.??.??"]

{4/(26)} 1. c4 g6 2. g3 Bg7 3. Bg2 Nf6 4. Nc3 c6 5. e4 d6 6. Nge2 Nbd7 7. O-O
O-O 8. f4 e5 9. d4 exd4 10. Nxd4 Re8 11. Re1 Qb6 12. Kh1 Nxe4 13. Nxe4 Qxd4 14.
Be3 Qxb2 15. Rb1 Qxa2 16. Nxd6 Re7 17. Nxc8 Rxc8 18. Rxb7 Rce8 19. Rxd7 Rxe3
20. Rxe3 Rxe3 21. Rd8+ Bf8 22. Rd2 Qxc4 23. Rc2 Qe6 24. Rc1 c5 25. Bd5 Qe7 26.
Qd2 Bg7 27. Rc2 Bc3 28. Qf2 Re1+ 29. Kg2 Bd4 30. Qf3 Re3 31. Qd1 a5 32. Qg4 h5
33. Qxg6+ Kf8 34. Qh6+ Ke8 35. Qxh5 a4 36. Qg4 Kf8 37. h4 a3 38. h5 Qf6 39.
Qc8+ Kg7 1/2-1/2

[Event "Lansing (MI Op/7/23)"]
[Site "?"]
[Date "1997.??.??"]
[Round "?"]
[White "Steen, Harold"]
[Black "June, Brian"]
[Result "1-0"]
[WhiteElo "1775"]
[BlackElo "1800"]
[PlyCount "79"]
[EventDate "1997.??.??"]

{7/(23)} 1. c4 g6 2. g3 Bg7 3. Bg2 Nf6 4. Nc3 O-O 5. e4 e5 6. Nge2 d6 7. O-O
Nc6 8. d3 Bd7 9. h3 Qc8 10. Kh2 Rb8 11. f4 exf4 12. Nxf4 Ne5 13. Nfd5 Nxd5 14.
Nxd5 Qd8 15. Rb1 c6 16. Ne3 Be6 17. b3 Qa5 18. d4 Nd7 19. d5 cxd5 20. cxd5 Bxh3
21. Kxh3 Qxa2 22. Bd2 Nc5 23. Bb4 Rbc8 24. Nc4 Nxb3 25. Qxb3 Qxb3 26. Rxb3 Rxc4
27. Bxd6 Rd8 28. Be7 Rd7 29. Bf6 a6 30. Bxg7 Kxg7 31. e5 Rc5 32. Rb6 Ra5 33.
Re1 Rc5 34. d6 a5 35. Bxb7 a4 36. Bc6 Ra7 37. d7 Rd5 38. Bxd5 Rxd7 39. Bc6 Ra7
40. Rb7 1-0

[Event "Kalamazoo (MI Am/5/16)"]
[Site "?"]
[Date "1997.??.??"]
[Round "?"]
[White "Steen, Harold"]
[Black "Hosking, R."]
[Result "1-0"]
[WhiteElo "1780"]
[BlackElo "1605"]
[PlyCount "103"]
[EventDate "1997.??.??"]

{5/(16)} 1. c4 c5 2. g3 Nc6 3. Bg2 g6 4. Nc3 Bg7 5. e4 e5 6. Nge2 Nge7 7. O-O
d6 8. f4 Bg4 9. h3 Bd7 10. d3 Qc8 11. Kh2 h5 12. Nd5 Nxd5 13. cxd5 Ne7 14. Rb1
Ng8 15. b4 b6 16. bxc5 bxc5 17. Bb2 Ne7 18. fxe5 Bxe5 19. Bxe5 dxe5 20. Qb3 O-O
21. Qb2 Qb8 22. Qc3 Qd6 23. Rf2 f6 24. Rbf1 Kg7 25. Nc1 Ng8 26. Nb3 Rac8 27.
Rc2 Bb5 28. Nxc5 Kh7 29. Rfc1 Rf7 30. d4 exd4 31. Qxd4 Qb6 32. a4 Ba6 33. e5
fxe5 34. Qxe5 Re7 35. Qd4 Qd6 36. Rf2 Rcc7 37. Rc3 Re2 38. Ne4 Rxe4 39. Rxc7+
Qxc7 40. Bxe4 Qd7 41. d6 Bc8 42. Bg2 Nh6 43. Qe5 Nf5 44. Rd2 Qxa4 45. Qd5 Qd7
46. Qe5 a5 47. g4 hxg4 48. hxg4 Ng7 49. Rd4 a4 50. Qe7 Qb5 51. d7 Qb8+ 52. Qd6
1-0

[Event "Lansing (MI Op/6/25)"]
[Site "?"]
[Date "1997.??.??"]
[Round "?"]
[White "Steen, Harold"]
[Black "Dumas, Steve"]
[Result "1-0"]
[WhiteElo "1775"]
[BlackElo "1605"]
[PlyCount "113"]
[EventDate "1997.??.??"]

{6/(25)} 1. c4 Nf6 2. g3 g6 3. Bg2 Bg7 4. e4 d6 5. Ne2 O-O 6. d4 Nbd7 7. f4 c6
8. O-O Nb6 9. b3 Rb8 10. e5 Ne8 11. Bb2 d5 12. c5 Na8 13. b4 f6 14. Nd2 Nac7
15. a4 b5 16. a5 a6 17. h3 e6 18. g4 f5 19. Nf3 fxg4 20. hxg4 h6 21. Bc1 Kh8
22. Qd3 Kh7 23. Ng3 Qe7 24. g5 Kg8 25. Qxg6 Qf7 26. Qd3 h5 27. Nh4 Bxe5 28.
fxe5 Qg7 29. Rxf8+ Kxf8 30. Nxh5 Qg8 31. Bd2 Ke7 32. Rf1 Ng7 33. Qg6 Nce8 34.
Nf6 Qh8 35. Nh7 Nf5 36. Nxf5+ exf5 37. Nf6 Ng7 38. Bxd5 Be6 39. Bxe6 Kxe6 40.
Ne8+ Kd5 41. Qd6+ Kc4 42. Nxg7 Rd8 43. Qe6+ Rd5 44. Nxf5 Kd3 45. Qh6 Qc8 46. g6
Kc2 47. Ne3+ Kb2 48. Nxd5 Qg4+ 49. Kf2 Qxd4+ 50. Qe3 Qh4+ 51. Ke2 Qc4+ 52. Ke1
Qh4+ 53. Qf2 Qe4+ 54. Ne3 Kb3 55. Ke2 Qxe5 56. Qf7+ Kb2 57. g7 1-0

[Event "Kalamazoo (MI Am/1/15)"]
[Site "?"]
[Date "1997.??.??"]
[Round "?"]
[White "Steen, Harold"]
[Black "Draper, M."]
[Result "1-0"]
[WhiteElo "1780"]
[BlackElo "1605"]
[PlyCount "59"]
[EventDate "1997.??.??"]

{1/(15)} 1. c4 Nf6 2. g3 e6 3. Nc3 c6 4. Bg2 d5 5. cxd5 exd5 6. d4 Be6 7. Nf3
Be7 8. O-O O-O 9. Re1 h6 10. h3 Nbd7 11. a3 Qc7 12. Bf4 Bd6 13. Bxd6 Qxd6 14.
b4 Nh5 15. Kh2 f5 16. Nh4 f4 17. Qd3 fxg3+ 18. fxg3 Nf4 19. gxf4 Qxf4+ 20. Qg3
Qxd4 21. e4 Nf6 22. exd5 Bxd5 23. Nxd5 Nxd5 24. Rad1 Qf4 25. Ng6 Qxg3+ 26. Kxg3
Rf6 27. Bxd5+ cxd5 28. Ne7+ Kh7 29. Nxd5 Raf8 30. Nxf6+ 1-0

[Event "Kalamazoo (MI Am/2/6)"]
[Site "?"]
[Date "1997.??.??"]
[Round "?"]
[White "Stark, Jay"]
[Black "Williams, Ron"]
[Result "1/2-1/2"]
[WhiteElo "1605"]
[BlackElo "1915"]
[PlyCount "95"]
[EventDate "1997.??.??"]

{2/(6)} 1. e4 c5 2. Nf3 Nc6 3. d4 cxd4 4. Nxd4 e6 5. c4 a6 6. Nc3 Nge7 7. Bg5
Qb6 8. Nb3 Ng6 9. Be3 Qc7 10. h3 b6 11. Be2 Nce5 12. Rc1 Bb7 13. Qd4 Rb8 14. f4
Nc6 15. Qd2 Be7 16. O-O Ba8 17. c5 b5 18. a3 Qb7 19. Na2 O-O 20. Bf3 e5 21. f5
Nh8 22. Na5 Qc7 23. Nxc6 Bxc6 24. Nb4 Qb7 25. Nxc6 dxc6 26. b4 Rbd8 27. Qc2 Qc7
28. Rfd1 a5 29. Rxd8 Rxd8 30. Rd1 axb4 31. Rxd8+ Qxd8 32. axb4 Kf8 33. Qd2 Qxd2
34. Bxd2 f6 35. h4 Nf7 36. Bh5 Nd8 37. Kf2 Nb7 38. Be3 Nd8 39. Bd2 Nf7 40. Kf3
Nh8 41. Kg3 Bd8 42. Bd1 Ke7 43. Bb3 g6 44. Bh6 gxf5 45. exf5 Nf7 46. Bxf7 Kxf7
47. Kf3 Be7 48. h5 1/2-1/2

[Event "Kalamazoo (MI Am/4/22)"]
[Site "?"]
[Date "1997.??.??"]
[Round "?"]
[White "Stark, Jay"]
[Black "Valdivia, Alex"]
[Result "1-0"]
[WhiteElo "1605"]
[BlackElo "1605"]
[PlyCount "21"]
[EventDate "1997.??.??"]

{4/(22)} 1. e4 c5 2. Nf3 Nc6 3. d4 d5 4. dxc5 Qa5+ 5. Nc3 dxe4 6. Ng5 Nf6 7.
Bd2 e3 8. Bxe3 e5 9. Bc4 Bg4 10. Bxf7+ Ke7 11. Qd6# 1-0

[Event "Lansing (MOR/3/12)"]
[Site "?"]
[Date "1997.??.??"]
[Round "?"]
[White "Stark, Jay"]
[Black "Herron, J."]
[Result "1/2-1/2"]
[WhiteElo "1605"]
[BlackElo "1740"]
[PlyCount "55"]
[EventDate "1997.??.??"]

{3/(12)} 1. e4 g6 2. d4 Bg7 3. Be3 d6 4. Qd2 Nf6 5. f3 O-O 6. Bc4 Nbd7 7. Bh6
e5 8. Bxg7 Kxg7 9. Ne2 Nh5 10. g4 Qh4+ 11. Kd1 Nhf6 12. Qe1 Qxe1+ 13. Kxe1 Re8
14. Kf2 exd4 15. Nxd4 Nb6 16. Bb3 Re5 17. Nc3 c5 18. Nde2 c4 19. Ba4 Nxa4 20.
Nxa4 b5 21. Nac3 b4 22. Nd1 Bb7 23. Ne3 d5 24. Nxd5 Nxd5 25. exd5 Bxd5 26. Rad1
Rae8 27. Rhe1 a5 28. f4 1/2-1/2

[Event "Lansing (MOR/1b/19)"]
[Site "?"]
[Date "1997.??.??"]
[Round "?"]
[White "Stark, Jay"]
[Black "Feguer, Mike"]
[Result "1-0"]
[WhiteElo "1605"]
[BlackElo "1605"]
[PlyCount "61"]
[EventDate "1997.??.??"]

1. e4 e5 2. Nf3 Nc6 3. Bb5 Bc5 4. O-O d6 5. d4 exd4 6. Nxd4 Bd7 7. Nxc6 bxc6 8.
Bc4 Nf6 9. Bg5 O-O 10. Kh1 Be6 11. Bd3 Bd4 12. c3 Bc5 13. f4 h6 14. Bh4 g5 15.
Bg3 Qc8 16. f5 Bd7 17. e5 dxe5 18. Bxe5 Nd5 19. Qh5 Qe8 20. Bh8 Kxh8 21. Qxh6+
Kg8 22. Qxg5+ Kh8 23. Qh6+ Kg8 24. f6 Nxf6 25. Qxf6 Qe3 26. Na3 Bg4 27. Bh7+
Kxh7 28. Qh4+ Kg7 29. Qxg4+ Kh8 30. Rf3 Rg8 31. Rh3+ 1-0

[Event "Lansing (MOR/5/12)"]
[Site "?"]
[Date "1997.??.??"]
[Round "?"]
[White "Stark, Jat"]
[Black "Venia, A."]
[Result "1/2-1/2"]
[WhiteElo "1605"]
[BlackElo "1605"]
[PlyCount "66"]
[EventDate "1997.??.??"]

{5/(12)} 1. e4 e5 2. Nf3 Nc6 3. Bb5 a6 4. Ba4 Nf6 5. O-O Bc5 6. Bxc6 dxc6 7.
Nxe5 Qe7 8. d4 Ba7 9. Bg5 O-O 10. c3 h6 11. Bh4 c5 12. f4 cxd4 13. cxd4 Qb4 14.
Bxf6 Bxd4+ 15. Kh1 Bxb2 16. Nd3 Qxe4 17. Bxb2 Rd8 18. Qf3 Qxd3 19. Nc3 Bf5 20.
Qxd3 Rxd3 21. Rad1 Rad8 22. Rxd3 Rxd3 23. Rd1 Rxd1+ 24. Nxd1 Kf8 25. Kg1 g6 26.
Ne3 Be6 27. a3 Ke7 28. Kf2 h5 29. Ke2 c5 30. Kd3 b5 31. Nd1 Kd7 32. Nc3 Kc6 33.
Ke4 b4 1/2-1/2

[Event "Lansing (MOR/6/9)"]
[Site "?"]
[Date "1997.??.??"]
[Round "?"]
[White "Stark, Jat"]
[Black "Moore, Robert"]
[Result "0-1"]
[WhiteElo "1605"]
[BlackElo "1640"]
[PlyCount "82"]
[EventDate "1997.??.??"]

{6/(9)} 1. e4 c5 2. Nf3 d6 3. d4 cxd4 4. Nxd4 Nf6 5. Nc3 a6 6. Bc4 e6 7. O-O
Be7 8. f4 b5 9. Bd3 Bb7 10. e5 dxe5 11. Nf3 e4 12. Nxe4 Nxe4 13. Qe2 Nc5 14.
Rd1 Qc7 15. Ng5 Nxd3 16. Rxd3 Nd7 17. Rc3 Qa5 18. Bd2 Qd8 19. Rh3 Nf6 20. Rd1
Qd4+ 21. Be3 Qxb2 22. Bd4 Qxa2 23. Bxf6 Bxf6 24. Nxh7 Ke7 25. Qd2 Qd5 26. Qb4+
Kd7 27. Rxd5+ Bxd5 28. Nxf6+ gxf6 29. Rxh8 Rxh8 30. Qd4 Rg8 31. g3 Rc8 32. c3
Ke7 33. h4 Rc4 34. Qa7+ Kf8 35. Qxa6 Rxc3 36. Kh2 Rc2+ 37. Kh3 Kg7 38. Qd6 Bg2+
39. Kg4 f5+ 40. Kg5 f6+ 41. Kh5 Bf3+ 0-1

[Event "Kalamazoo (MI Am/5/12)"]
[Site "?"]
[Date "1997.??.??"]
[Round "?"]
[White "Stark, Jat"]
[Black "Drysdale, Gilbert"]
[Result "1/2-1/2"]
[WhiteElo "1605"]
[BlackElo "1885"]
[PlyCount "39"]
[EventDate "1997.??.??"]

{5/(12)} 1. e4 d5 2. exd5 Nf6 3. d4 Bg4 4. Be2 Bxe2 5. Nxe2 Qxd5 6. O-O Nc6 7.
c3 O-O-O 8. Na3 e6 9. Nc2 Qh5 10. Ng3 Qh4 11. Qf3 Be7 12. Qf4 Qxf4 13. Bxf4 Nd5
14. Be3 h5 15. c4 Nb6 16. b3 h4 17. Ne2 g5 18. f4 h3 19. g3 g4 20. Rad1 1/2-1/2

[Event "Lansing (MOR/3/46)"]
[Site "?"]
[Date "1997.??.??"]
[Round "?"]
[White "Stark, A."]
[Black "Williams, Claude"]
[Result "1-0"]
[WhiteElo "1605"]
[BlackElo "1605"]
[PlyCount "60"]
[EventDate "1997.??.??"]

{3/(46)} 1. e4 c5 2. Nf3 d6 3. Nc3 Nc6 4. Bb5 Bd7 5. O-O g6 6. d3 Bg7 7. Be3 a6
8. Bxc6 bxc6 9. d4 cxd4 10. Bxd4 Nf6 11. e5 dxe5 12. Nxe5 O-O 13. Nxd7 Qxd7 14.
Bxf6 Qxd1 15. Raxd1 Bxf6 16. Rd3 Rab8 17. b3 Rb4 18. a3 Rd4 19. Rxd4 Bxd4 20.
Ne2 Be5 21. Rd1 Bd6 22. h3 Bxa3 23. Rd7 Ra8 24. c3 Bd6 25. Rb7 a5 26. b4 a4 27.
Nd4 a3 28. Nc2 a2 29. b5 a1=Q+ 30. Nxa1 Rxa1# 1-0

[Event "Lansing (MOR/6/44)"]
[Site "?"]
[Date "1997.??.??"]
[Round "?"]
[White "Stark, A."]
[Black "Krimmel, J."]
[Result "0-1"]
[WhiteElo "1605"]
[BlackElo "1605"]
[PlyCount "78"]
[EventDate "1997.??.??"]

{6/(44)} 1. e4 e5 2. Nf3 d6 3. Bb5+ c6 4. Bc4 Nf6 5. O-O Nxe4 6. d3 Nf6 7. Nc3
Be7 8. Be3 O-O 9. d4 d5 10. Bb3 e4 11. Ne5 Bd6 12. Bg5 h6 13. Bxf6 Qxf6 14. Qh5
Bxe5 15. dxe5 Qe6 16. f3 Qg6 17. Qxg6 fxg6 18. fxe4 Be6 19. Rxf8+ Kxf8 20. Rf1+
Ke7 21. exd5 cxd5 22. Nxd5+ Bxd5 23. Bxd5 a6 24. Bxb7 Ra7 25. Be4 Nc6 26. Bxc6
Rc7 27. Be4 g5 28. b3 Rc3 29. Rf3 Rc5 30. Bd3 Rxe5 31. Bxa6 Ra5 32. Re3+ Kf6
33. Bd3 Rxa2 34. c4 Ra3 35. b4 h5 36. Rf3+ Ke5 37. Rf5+ Kd4 38. Rd5+ Ke3 39.
Bg6 Ra1+ 0-1

[Event "Lansing (MOR/1b/23)"]
[Site "?"]
[Date "1997.??.??"]
[Round "?"]
[White "Stark, A."]
[Black "Haygood, Norman"]
[Result "0-1"]
[WhiteElo "1605"]
[BlackElo "1605"]
[PlyCount "54"]
[EventDate "1997.??.??"]

1. e4 c6 2. Nf3 d5 3. exd5 cxd5 4. Bb5+ Bd7 5. Bxd7+ Nxd7 6. O-O Ngf6 7. d3 e6
8. Bf4 Be7 9. d4 Qb6 10. b3 O-O 11. Nc3 Rac8 12. Na4 Qc6 13. c4 dxc4 14. bxc4
Qxc4 15. Rc1 Qxa2 16. Rxc8 Rxc8 17. Qa1 Qxa1 18. Rxa1 Rc2 19. Kf1 Ne4 20. Be3
b5 21. Rc1 Rxc1+ 22. Bxc1 bxa4 23. Bb2 a3 24. Ba1 Bb4 25. Ke2 Bc3 26. Kd1 Bxa1
27. Kc1 a2 0-1

[Event "Kalamazoo (MI Am/5/34)"]
[Site "?"]
[Date "1997.??.??"]
[Round "?"]
[White "Stark, A."]
[Black "Dezerne, T."]
[Result "1-0"]
[WhiteElo "1605"]
[BlackElo "1605"]
[PlyCount "81"]
[EventDate "1997.??.??"]

{5/(34)} 1. e4 e5 2. Nf3 Nc6 3. Nc3 Nge7 4. Bb5 a6 5. Bc4 b5 6. Bd5 Bb7 7. Bxc6
Nxc6 8. O-O Nd4 9. Nxe5 f6 10. Nf3 b4 11. Nxd4 bxc3 12. bxc3 Bxe4 13. Re1 Qe7
14. d3 Qc5 15. Rxe4+ Be7 16. c4 f5 17. Nxf5 Qxf5 18. Qf3 Qxf3 19. gxf3 d6 20.
Bg5 O-O 21. Bxe7 Rxf3 22. Kg2 Rf5 23. Kg3 Kf7 24. f4 g6 25. Bg5 Rd8 26. Bxd8 g5
27. Re7+ Kg6 28. fxg5 Kxg5 29. Rxc7+ Kg6 30. Rc6 Kh5 31. Rxd6 Rc5 32. Rd5+ Rxd5
33. cxd5 a5 34. d6 a4 35. Be7 Kg6 36. d7 Kf7 37. d8=Q Ke6 38. Re1+ Kf5 39. Qf8+
Kg6 40. Qf6+ Kh5 41. Qg5# 1-0

[Event "Lansing (MOR/7/36)"]
[Site "?"]
[Date "1997.??.??"]
[Round "?"]
[White "Stark, A."]
[Black "Davis, T."]
[Result "0-1"]
[WhiteElo "1605"]
[BlackElo "1605"]
[PlyCount "70"]
[EventDate "1997.??.??"]

{7/(36)} 1. e4 c5 2. Nf3 d6 3. Bc4 Nc6 4. O-O Nf6 5. Nc3 Bg4 6. d3 g6 7. Bg5
Bg7 8. h3 Bxf3 9. Qxf3 Nd4 10. Qd1 O-O 11. Nd5 Nxd5 12. Bxd5 Rb8 13. c3 Nc6 14.
Qd2 Qd7 15. Bh6 e6 16. Bxc6 Qxc6 17. Bxg7 Kxg7 18. d4 Qxe4 19. dxc5 dxc5 20.
Rfe1 Qd5 21. Rad1 Qxd2 22. Rxd2 Rfd8 23. Red1 Rxd2 24. Rxd2 Kf8 25. Rd7 a6 26.
Rc7 b6 27. b4 Ke8 28. Kh2 cxb4 29. cxb4 Rd8 30. Ra7 Rd2 31. Rxa6 Rxf2 32. Rxb6
Rxa2 33. Rb8+ Ke7 34. b5 Rb2 35. Kg3 h5 0-1

[Event "Kalamazoo (MI Am/2/36)"]
[Site "?"]
[Date "1997.??.??"]
[Round "?"]
[White "Stark, A."]
[Black "Biondo, Anthony"]
[Result "0-1"]
[WhiteElo "1605"]
[BlackElo "1605"]
[PlyCount "64"]
[EventDate "1997.??.??"]

{2/(36)} 1. e4 e5 2. Nf3 Nc6 3. Nc3 Nf6 4. Bb5 Bc5 5. O-O d6 6. d3 Bg4 7. h3
Bh5 8. Bg5 Qd7 9. Nd5 Qd8 10. a3 a6 11. Ba4 b5 12. Bb3 Nd4 13. Nxd4 Bxd1 14.
Raxd1 Bxd4 15. c3 Bb6 16. a4 h6 17. Bh4 c6 18. Nxb6 Qxb6 19. Bxf6 gxf6 20. axb5
Qxb5 21. Bc2 Qxb2 22. Ba4 Ke7 23. Bxc6 Rag8 24. Rb1 Qxc3 25. Bb7 Qxd3 26. Rfd1
Qxh3 27. Kf1 Rxg2 28. Rb2 Rh2+ 29. Ke2 Qg4+ 30. Kd2 Rxf2+ 31. Kc1 Rxb2 32. Rd2
Rxb7 0-1

[Event "Lansing (MI Op/1b/11)"]
[Site "?"]
[Date "1997.??.??"]
[Round "?"]
[White "Spooner, Frank"]
[Black "LaFata, Sam"]
[Result "0-1"]
[WhiteElo "1835"]
[BlackElo "2045"]
[PlyCount "66"]
[EventDate "1997.??.??"]

1. Nf3 d5 2. e3 Nf6 3. b3 Bg4 4. Bb2 Nbd7 5. Be2 e6 6. O-O Bd6 7. d3 Qe7 8.
Nbd2 e5 9. e4 dxe4 10. Nxe4 Nxe4 11. dxe4 O-O-O 12. h3 Bh5 13. Nd2 Bg6 14. a4
Bc5 15. Kh1 Nf6 16. f3 Nh5 17. Qe1 Qg5 18. f4 Ng3+ 19. Kh2 Nxf1+ 20. Qxf1 exf4
21. Bg4+ Kb8 22. Nf3 Qe7 23. Re1 Be3 24. Bf5 f6 25. Qb5 Be8 26. Qf1 g6 27. Bg4
h5 28. Bf5 gxf5 29. exf5 Qg7 30. Rxe3 fxe3 31. Qe2 Rg8 32. Bc1 Qg3+ 33. Kh1
Rd1+ 0-1

[Event "Lansing (MI Op/3/28)"]
[Site "?"]
[Date "1997.??.??"]
[Round "?"]
[White "Spooner, Frank"]
[Black "Brumley, Ron"]
[Result "0-1"]
[WhiteElo "1835"]
[BlackElo "1605"]
[PlyCount "124"]
[EventDate "1997.??.??"]

{3/(28)} 1. Nf3 Nf6 2. b3 g6 3. Bb2 Bg7 4. e3 c5 5. c4 d6 6. h3 Nc6 7. Be2 O-O
8. O-O a5 9. Nc3 Bd7 10. d3 Na7 11. Qc2 b5 12. d4 Rc8 13. d5 b4 14. Nb1 Ra8 15.
Nbd2 Nc8 16. e4 a4 17. Rab1 a3 18. Ba1 Ne8 19. e5 dxe5 20. Nxe5 Ncd6 21. Bd3
Rc8 22. Rbe1 Bf5 23. Nc6 Rxc6 24. dxc6 Bxa1 25. Rxa1 Bxd3 26. Qxd3 Qc7 27. Qd5
Qb6 28. Rfe1 e6 29. Qf3 Nf5 30. Ne4 Nd4 31. Qd3 Qxc6 32. Rad1 e5 33. f4 f5 34.
Nf2 e4 35. Nxe4 fxe4 36. Rxe4 Nd6 37. Re5 N6f5 38. Rde1 Nh4 39. Qg3 Nhf5 40.
Qf2 Rd8 41. Rd1 Kf7 42. Rde1 Rd6 43. R1e4 Re6 44. Rxe6 Nxe6 45. Re5 Qd6 46. Kh2
Qd4 47. Qf3 Qd8 48. Qe4 Nfd4 49. Rd5 Qf6 50. g3 Nf5 51. Re5 Nfd4 52. Qb7+ Qe7
53. Qd5 Qc7 54. Qe4 Qc6 55. Qxc6 Nxc6 56. Rd5 Ncd4 57. Rd7+ Kf6 58. Rxh7 Ne2
59. Kg2 Nc3 60. Kf2 Nxa2 61. Ra7 Nd4 62. Ke3 Nc3 0-1